Novela zákona o pomoci v hmotnej núdzi s účinnosťou od 1.5.2017

Národná rada SR sa 22. marca 2017 uzniesla na zákone, ktorým sa mení a dpĺňa zákon o službách zamestnanosti. Uvedeným zákonom došlo zároveň k zmene a doplneniu zákona o pomoci v hmotnej núdzi (zákon č. 417/2013 Z. z.). Cieľom právnej úpravy je najmä posilniť motiváciu nájsť a udržať zamestnanie pre...

Descripción completa

Guardado en:
Detalles Bibliográficos
Autor principal: Gejdošová, Slavomíra
Formato: Capítulo de libro
Lenguaje:eslovaco
Materias:
Etiquetas: Agregar Etiqueta
Sin Etiquetas, Sea el primero en etiquetar este registro!

MARC

LEADER 00000naa a2200000 4500
001 0235677
005 20170908095819.3
041 0 |a slo 
044 |a SK 
245 1 0 |a Novela zákona o pomoci v hmotnej núdzi s účinnosťou od 1.5.2017  |c Slavomíra Gejdošová 
520 |a Národná rada SR sa 22. marca 2017 uzniesla na zákone, ktorým sa mení a dpĺňa zákon o službách zamestnanosti. Uvedeným zákonom došlo zároveň k zmene a doplneniu zákona o pomoci v hmotnej núdzi (zákon č. 417/2013 Z. z.). Cieľom právnej úpravy je najmä posilniť motiváciu nájsť a udržať zamestnanie pre dlhodobo nezamestnané osoby v systéme pomoci v hmotnej núdzi. Jednotlivé legislatívne zmeny novelizovaného zákona o pomoci v hmotnej núdzi účinné od 1. mája 2017. 
610 2 0 |a núdza hmotná 
610 2 0 |a pomoc štátna 
610 2 0 |a pomoc sociálna 
610 2 0 |a zákony 
610 2 0 |a novelizácia 
610 2 0 |a zamestnanosť 
610 2 0 |a práceneschopnosť 
610 2 0 |a kontrola 
610 2 0 |a úrady práce 
100 1 |a Gejdošová, Slavomíra